Annual review of phytopathology. V. 44, 2006 (Record no. 42596)

MARC details
000 -LEADER
fixed length control field 00368nam a2200133Ia 4500
020 ## - INTERNATIONAL STANDARD BOOK NUMBER
ISBN 0824313445
082 ## - DEWEY DECIMAL CLASSIFICATION NUMBER
Classification number 581.2
Item number ANN.44
100 ## - MAIN ENTRY--AUTHOR NAME
Personal name Van Alfen, Neal K
245 #0 - TITLE STATEMENT
Title Annual review of phytopathology. V. 44, 2006
260 ## - PUBLICATION, DISTRIBUTION, ETC. (IMPRINT)
Place of publication Palo Alto
Name of publisher Annual Reviews
Year of publication 2006
650 ## - SUBJECT ADDED ENTRY--TOPICAL TERM
Topical Term Fungal pathogen genomics
942 ## - ADDED ENTRY ELEMENTS (KOHA)
Koha item type Books
Holdings
Withdrawn status Lost status Damaged status Not for loan Home library Current library Date acquired Cost, normal purchase price Full call number Accession Number Koha item type
        RRII Library RRII Library 16/12/2021 188.00 581.2 ANN.44 22866 Books